Cumhuriyet tarihi arastirmalari Dergisi

Detalles Bibliográficos
Formato: Electrónico Revista
Lenguaje:turco
Publicado: Ankara, Turkey : Hacettepe University, Ataturk Institute for Modern Turkish History
Materias:
Acceso en línea:Full text available from Research Library: 04/01/2011 to present

MARC

LEADER 00000nas a2200000 i 4500
001 ssj0001071181
003 WaSeSS
005 20200512172242.0
006 m d
007 cr n
008 131211c20uu9999tu f| p|s|||||| |0tur d
022 |a 2147-1592  |l 1305-1458 
035 |a (WaSeSS)ssj0001071181 
040 |a WaSeSS  |b eng  |c WaSeSS  |d WaSeSS 
043 |a a-tu--- 
050 1 4 |a DR401 
245 0 0 |a Cumhuriyet tarihi arastirmalari Dergisi  |h [electronic resource]. 
260 |a Ankara, Turkey :  |b Hacettepe University, Ataturk Institute for Modern Turkish History 
310 |a Semiannual 
506 |a License restrictions may limit access. 
588 |a Description based on: Yıl 7, Sayı 13 (Bahar 2011); title from article pdf (ProQuest, viewed Dec. 11, 2013). 
588 |a Latest issue consulted: Yıl 9, Sayı 17 (Bahar 2013) (viewed Dec. 11, 2013). 
651 0 |a Turkey  |v Periodicals. 
651 0 |a Turkey  |x History  |v Periodicals. 
655 0 |a Electronic journals. 
776 0 8 |i Print version:  |t Cumhuriyet tarihi arastirmalari Dergisi  |x 1305-1458 
856 4 0 |z Full text available from Research Library: 04/01/2011 to present  |u https://search.proquest.com/publication/1766340